| 000 | 00461nam a2200181Ia 4500 | ||
|---|---|---|---|
| 001 | 8589 | ||
| 005 | 20260306160620.0 | ||
| 008 | 260306t2008||||xx |||||||||||||| ||spa|| | ||
| 041 | _aESP | ||
| 082 |
_a371.2 _bA48B |
||
| 100 |
_aAlvarado Oyarce, Otoniel _eAUT |
||
| 245 | 0 |
_aGerencia y marketing educativo: _bpara una gestión de calidad |
|
| 260 | _c2008 | ||
| 300 |
_a182 páginas : _c20 cm. |
||
| 650 | _aGEN | ||
| 654 | _aCED | ||
| 942 |
_cLIB _dJUS _fJUS _2ddc _n |
||
| 999 |
_c8589 _d8589 |
||